| 000 | 01148nam a2200241Ia 4500 | ||
|---|---|---|---|
| 999 |
_c36871 _d36871 |
||
| 001 | 2821 | ||
| 003 | GE_BSU | ||
| 005 | 20190611185100.0 | ||
| 008 | 181216s2010||||ge |||||||||||||| ||geo|| | ||
| 020 | _a978-9941129179 | ||
| 040 | _cGE_BSU | ||
| 041 | _ageo | ||
| 080 | _a821.222.1.1 ს–76 | ||
| 245 |
_aსპარსული პოეზიის შედევრები ორ ტომად : _bტ. 2. / _cსპარსულიდან თარგმნა მაგალი თოდუამ ; წინათქმა ეჰსან ხაზაი. |
||
| 264 |
_aთბილისი : _bუნივერსალი, _c2010. |
||
| 300 |
_a472 გვ. ; _b23 სმ. |
||
| 504 | _a კომენტარები: გვ. 433-439. - ლექსიკონი: გვ. 441-461. | ||
| 653 | _aსპარსული პოეზია | ||
| 700 |
_aხაყანი შირვანელი _eავტორი _92422 |
||
| 700 |
_aჰასან ღაზნელი _eავტორი _92423 |
||
| 700 |
_aთოდუა, მაგალი _eმთარგმნელი _92420 |
||
| 942 |
_cBK _2udc |
||